00964nam a2200241 a 450000100060000000300080000600500170001400800410003103500160007203500190008804000420010704100080014908200260015711000290018324502070021226000380041930000250045765000480048270000240053094200120055499900170056695201390058317063BD-RjUL20211209000101.0880808s1953 enk 001 0 eng d aoxf98315150 a(BD-RjUL)17120 aVYScVYSdm.cdOCLdEQOdBD-RjULbeng aeng 221a016.091bBOS 19532 aBodleian Library.95265312aA summary catalogue of Western manuscripts in the Bodleian Library at Oxford which have not hitherto been catalogued in the quarto series cBodleian Library, Oxford.nVOL. VII :pINDEX / by P. D. Record aOxford :bClarendon Press,c1953. avii, 580p, ; c23cm. 0aManuscriptszGreat BritainvCatalogs.928991 aRecord, P. D.92902 2ddccBK c17063d17063 00102ddc40718NFICaRUCLbRUCLcReadingd1955-03-02eN/Ag0.00l0o016.091 BOS V-7 1953r2014-02-16 00:00:00tC-1w2021-12-09yBK